Joueurs de Ligue 1 - Mort Subite - Statistiques

Statistiques générales
  • Ce quiz a été pris 369 fois
  • Le résultat moyen est 7 sur 16
Answers on the Grid
Answers color-coded by a green-red scale on the quiz's grid according to % correct below.
Ibrahim Mbaye
Bilal Nadir
Luiz Felipe Ramos
Matveï Safonov
Aïssa Mandi
Nampalys Mendy
Lucas Mincarelli
Dennis Appiah
Issa Soumaré
Zinedine Ferhat
Abdoul Koné
Shavy Babicka
Justin Bourgault
Abner Vinicius
Tom Louchet
Krepin Diatta
Clément Grenier
Stephy Mavididi
Gaël Kakuta
Bouna Sarr
Valentin Eysseric
Maxime Leverbe
Jonathan Bamba
Ismaël Traoré
 
Statistiques - réponses
Réponse % Correct
Matveï Safonov
70%
Krepin Diatta
61%
Abner Vinicius
57%
Bilal Nadir
55%
Ibrahim Mbaye
55%
Aïssa Mandi
47%
Dennis Appiah
47%
Luiz Felipe Ramos
46%
Nampalys Mendy
43%
Tom Louchet
42%
Zinedine Ferhat
42%
Shavy Babicka
37%
Abdoul Koné
30%
Justin Bourgault
29%
Issa Soumaré
28%
Lucas Mincarelli
28%
Aucun quiz correspondant
Distribution des résultats
% des personnes avec chaque résultat
Percentile par nombre de réponses
Votre historique - résultats
Vous n’avez pas pris ce quiz